|
|
|
|
| LEADER |
00000ny a22000003n 4500 |
| 005 |
20110608122159.0 |
| 008 |
050421s2000 sp 000 0 spa c |
| 017 |
|
|
|a D.L. M26412-2000
|
| 020 |
|
|
|a 8471302160
|
| 035 |
|
|
|a 480
|
| 040 |
|
|
|a UMA.DER
|d vLex
|
| 040 |
|
|
|a UMA.RE
|d vLex
|
| 080 |
|
|
|a 34(460)
|
| 080 |
|
|
|a 347(460)
|
| 090 |
|
|
|c 579
|d 579
|
| 245 |
0 |
0 |
|a Comentarios al Cd̤igo Civil y compilaciones forales
|h [Recurso electrn̤ico]
|c dirigidos por Manuel Albaladejo y Silvia Da̕z Alabart
|
| 256 |
|
|
|a Servicio en ln̕ea
|
| 260 |
|
|
|a Madrid :
|b EDERSA,
|c [2000]
|
| 300 |
|
|
|a XVII, 695 p. ;
|c 22 cm
|
| 505 |
0 |
|
|t Tomo VII, Vol. 6©Œ, Artc̕ulos 104 a 130 de la Ley Hipotecaria /
|r comentados por M® Teresa Bendito Caįzares... [et al.]
|
| 506 |
1 |
|
|a Contenido solo disponible en los productos indicados
|d vLex Global
|d vLex Global (Academic Edition, excluding Law Schools)
|d vLex Global (U.S. Academic Edition, Law Schools)
|d vLex Global (U.S. Academic Edition, excluding Law Schools)
|d vLex Global (Academic Edition, Law Schools)
|
| 650 |
0 |
7 |
|2 Tesauro vLex
|a Civil
|
| 650 |
0 |
7 |
|2 Tesauro vLex
|a Cd̤igo civil
|
| 650 |
0 |
7 |
|2 Tesauro vLex
|a Hipoteca
|
| 650 |
0 |
7 |
|2 Tesauro vLex
|a Inmobiliario y registral
|
| 650 |
0 |
7 |
|2 Tesauro vLex
|a Derecho hipotecario
|
| 700 |
1 |
|
|a Albaladejo Garca̕, Manuel,
|e dir
|
| 700 |
1 |
|
|a Bendito Caįzares, Mara̕ Teresa
|
| 700 |
1 |
|
|a Da̕z Alabart, Silvia,
|e dir
|
| 740 |
0 |
|
|a vLex Libros (Servicios en ln̕ea)
|
| 856 |
4 |
0 |
|z Acceso restringido
|u http://vlex.com/source/480
|
| 942 |
|
|
|c BOOK
|
| 999 |
0 |
|
|a Civil law
|b Madrid
|